[Event "Albena BUL, Team Ch 2011 GrA Women"]
[Site "Albena BUL"]
[Date "2011.06.08"]
[Round "7.2"]
[White "Voiska, Margarita"]
[Black "Tsvetkova, Svetlana"]
[Result "1-0"]
[WhiteElo "2300"]
[BlackElo "1860"]
[PlyCount "57"]
[EventDate "2011.06.02"]
[EventType "team"]
[EventRounds "7"]
[EventCountry "BUL"]

1. c4 e6 2. Nc3 d5 3. e3 Nf6 4. Nf3 Be7 5. d4 O-O 6. Bd3 Nbd7 7. c5 c6 8. b4
Qc7 9. Bb2 e5 10. dxe5 Nxe5 11. Nxe5 Qxe5 12. Qc2 Qc7 13. Ne2 h6 14. h3 Nd7 15.
Nd4 a5 16. a3 axb4 17. axb4 Rxa1+ 18. Bxa1 Ne5 19. Be2 b5 20. O-O Bf6 21. e4
Be6 22. f4 Nc4 23. Bxc4 dxc4 24. e5 Be7 25. f5 Bd5 26. f6 gxf6 27. exf6 Bd8 28.
Nf5 Kh8 29. Qd2 1-0

[Event "Albena BUL, Team Ch 2011 GrA Women"]
[Site "Albena BUL"]
[Date "2011.06.08"]
[Round "7.2"]
[White "Petkova, Veneta"]
[Black "Chilingirova, Pavlina"]
[Result "0-1"]
[WhiteElo "1985"]
[BlackElo "2126"]
[PlyCount "40"]
[EventDate "2011.06.02"]
[EventType "team"]
[EventRounds "7"]
[EventCountry "BUL"]

1. e4 c5 2. Nf3 d6 3. d4 cxd4 4. Nxd4 Nf6 5. Nc3 a6 6. Be3 e6 7. f3 Be7 8. Qd2
b5 9. g4 Bb7 10. O-O-O Nfd7 11. g5 Nc6 12. h4 Nde5 13. Qf2 Qc7 14. Kb1 Rc8 15.
Rg1 O-O 16. h5 b4 17. Na4 Nxd4 18. Rxd4 Nxf3 19. Qxf3 Qxc2+ 20. Ka1 Qc1+ 0-1

[Event "Albena BUL, Team Ch 2011 GrA Women"]
[Site "Albena BUL"]
[Date "2011.06.08"]
[Round "7.2"]
[White "Yordanova, Svetla"]
[Black "Shtereva, Slaveja"]
[Result "1-0"]
[WhiteElo "2137"]
[BlackElo "2095"]
[PlyCount "83"]
[EventDate "2011.06.02"]
[EventType "team"]
[EventRounds "7"]
[EventCountry "BUL"]

1. e4 c5 2. c3 Nf6 3. e5 Nd5 4. Nf3 e6 5. d4 cxd4 6. cxd4 d6 7. Bc4 Nb6 8. Bd3
Nc6 9. a3 Bd7 10. O-O Rc8 11. Nc3 d5 12. Bc2 Be7 13. Qd3 Na5 14. b3 a6 15. Bb2
Na8 16. Nd2 Nc7 17. b4 Nc4 18. Nxc4 dxc4 19. Qg3 g6 20. Be4 Bc6 21. Bxc6+ bxc6
22. Ne4 Qd5 23. Rfe1 Nb5 24. Rad1 Rd8 25. h3 Kf8 26. Qf4 g5 27. Qg3 Rg8 28. a4
c3 29. axb5 cxb2 30. bxa6 Qa2 31. Qc3 g4 32. Nf6 Bxf6 33. exf6 Rg6 34. hxg4
Rxg4 35. Qxc6 Rg6 36. Qc3 Rxf6 37. d5 b1=Q 38. Qxf6 Qbb2 39. Qxd8+ Kg7 40. Qg5+
Kf8 41. Qf4 Qxa6 42. dxe6 1-0

[Event "Albena BUL, Team Ch 2011 GrA Women"]
[Site "Albena BUL"]
[Date "2011.06.08"]
[Round "7.2"]
[White "Andreeva, Veronika"]
[Black "Genova, Ruzka"]
[Result "1/2-1/2"]
[WhiteElo "1891"]
[BlackElo "2204"]
[PlyCount "59"]
[EventDate "2011.06.02"]
[EventType "team"]
[EventRounds "7"]
[EventCountry "BUL"]

1. d4 Nf6 2. Nf3 e6 3. e3 b6 4. Bd3 Bb7 5. Nbd2 c5 6. O-O d5 7. b3 Nbd7 8. Bb2
Be7 9. Ne5 O-O 10. f4 Ne4 11. Nxe4 dxe4 12. Be2 Nf6 13. c4 Qc7 14. Qc2 Rac8 15.
Rad1 g6 16. g4 cxd4 17. Bxd4 h6 18. Qb2 Ne8 19. f5 exf5 20. gxf5 gxf5 21. Bh5
Bg5 22. Rxf5 Nd6 23. Rf2 f5 24. Ng6 Rf7 25. Nf4 Re7 26. Ng6 Re6 27. Nf4 Re7 28.
Ng6 Re6 29. Nf4 Re7 30. Ng6 1/2-1/2

[Event "Albena BUL, Team Ch 2011 GrA Women"]
[Site "Albena BUL"]
[Date "2011.06.08"]
[Round "7.3"]
[White "Baninska, Tanja"]
[Black "Videnova, Iva"]
[Result "0-1"]
[WhiteElo "2096"]
[BlackElo "2345"]
[PlyCount "74"]
[EventDate "2011.06.02"]
[EventType "team"]
[EventRounds "7"]
[EventCountry "BUL"]

1. e4 c5 2. Nc3 Nc6 3. f4 g6 4. Nf3 Bg7 5. Bc4 e6 6. O-O Nge7 7. Qe1 O-O 8. e5
d6 9. exd6 Nf5 10. Ne4 Nxd6 11. Nxd6 Qxd6 12. d3 Nd4 13. Nxd4 Bxd4+ 14. Kh1 b6
15. c3 Bg7 16. Rf3 Bb7 17. Rh3 Qc6 18. Qf2 Rfd8 19. Bd2 b5 20. Bb3 c4 21. Bc2
cxd3 22. Rxd3 Rxd3 23. Bxd3 Qxg2+ 24. Qxg2 Bxg2+ 25. Kxg2 Rd8 26. Bxb5 Rxd2+
27. Kg3 Rxb2 28. c4 Rxb5 29. cxb5 Bxa1 30. a4 Bc3 31. Kf3 f5 32. Ke3 Kf7 33.
Kd3 Ba5 34. Kc4 e5 35. fxe5 Ke6 36. Kd4 Bb6+ 37. Kc4 f4 0-1

[Event "Albena BUL, Team Ch 2011 GrA Women"]
[Site "Albena BUL"]
[Date "2011.06.08"]
[Round "7.3"]
[White "Nikolova, Adriana"]
[Black "Georgieva, Emilia"]
[Result "0-1"]
[WhiteElo "2333"]
[BlackElo "1966"]
[PlyCount "130"]
[EventDate "2011.06.02"]
[EventType "team"]
[EventRounds "7"]
[EventCountry "BUL"]

1. e4 c6 2. d4 d5 3. exd5 cxd5 4. Bd3 Nf6 5. Nf3 Bg4 6. c3 Nc6 7. Bf4 Bxf3 8.
Qxf3 e6 9. O-O Bd6 10. Bg5 h6 11. Bh4 Be7 12. Nd2 a6 13. Rfe1 b5 14. b4 O-O 15.
a4 Qb6 16. Qe2 Na7 17. Nb3 g5 18. Bg3 Nd7 19. Bb1 bxa4 20. Rxa4 Nb5 21. Qd3 f5
22. Nc5 Bxc5 23. bxc5 Qc6 24. Bc2 Ra7 25. c4 dxc4 26. Qxc4 Rf6 27. Be5 Nxe5 28.
Rxe5 Kg7 29. Qd3 Nc7 30. g4 Nd5 31. gxf5 exf5 32. Rxf5 Nf4 33. Qe4 Qxe4 34.
Bxe4 Ne2+ 35. Kg2 Nc3 36. Rxf6 Kxf6 37. Rc4 Nxe4 38. d5 Ke5 39. d6 Nxd6 40.
cxd6 Kxd6 41. Kg3 a5 42. Ra4 Kc5 43. h4 Kb5 44. Ra1 gxh4+ 45. Kxh4 Rf7 46. Kg3
a4 47. Rb1+ Ka5 48. Ra1 Rf6 49. f4 Kb4 50. Kf3 a3 51. Ke4 Kb3 52. Ke5 Rf8 53.
f5 Kb2 54. Rh1 a2 55. Rh2+ Kb3 56. Rh3+ Kb4 57. Rh4+ Kb5 58. Rh1 Ra8 59. Ra1
Kb4 60. Kf6 Kb3 61. Kg6 Ra6+ 62. f6 Kb2 63. Rh1 a1=Q 64. Rxa1 Kxa1 65. Kg7 h5
0-1

[Event "Albena BUL, Team Ch 2011 GrA Women"]
[Site "Albena BUL"]
[Date "2011.06.08"]
[Round "7.4"]
[White "Zaiatz, Elena"]
[Black "Raeva, Elitsa"]
[Result "1/2-1/2"]
[WhiteElo "2430"]
[BlackElo "2322"]
[PlyCount "59"]
[EventDate "2011.06.02"]
[EventType "team"]
[EventRounds "7"]
[EventCountry "BUL"]

1. d4 d5 2. c4 e6 3. Nc3 Nf6 4. cxd5 exd5 5. Bg5 Be7 6. e3 O-O 7. Bd3 Nbd7 8.
Nf3 c6 9. Qc2 h6 10. Bh4 Re8 11. O-O Ne4 12. Bxe7 Qxe7 13. Rab1 Nf8 14. Bxe4
dxe4 15. Nd2 f5 16. Rbe1 Be6 17. f3 exf3 18. Nxf3 Rad8 19. Ne5 c5 20. Rd1 cxd4
21. exd4 g6 22. Rfe1 Kh7 23. Qf2 Qg7 24. b3 a6 25. Ne2 Nd7 26. Nxd7 Bxd7 27.
Nf4 Rxe1+ 28. Rxe1 Re8 29. Rxe8 Bxe8 30. Qe3 1/2-1/2

[Event "Albena BUL, Team Ch 2011 GrA Women"]
[Site "Albena BUL"]
[Date "2011.06.08"]
[Round "7.4"]
[White "Djingarova, Emilia"]
[Black "Gocheva, Rumiana"]
[Result "1/2-1/2"]
[WhiteElo "2348"]
[BlackElo "2141"]
[PlyCount "62"]
[EventDate "2011.06.02"]
[EventType "team"]
[EventRounds "7"]
[EventCountry "BUL"]

1. d4 Nf6 2. c4 e6 3. Nf3 d5 4. g3 Be7 5. Bg2 O-O 6. O-O dxc4 7. Qc2 a6 8. a4
Bd7 9. Qxc4 Bc6 10. Bg5 h6 11. Bxf6 Bxf6 12. Nc3 Bxf3 13. Bxf3 c6 14. Qb3 Qc7
15. Rfd1 a5 16. Rac1 Bg5 17. e3 Qe7 18. Ne4 Na6 19. h4 Bf6 20. Bg2 Nb4 21. Rd2
Rfd8 22. Nxf6+ Qxf6 23. Qc4 e5 24. dxe5 Qxe5 25. Rcd1 Rxd2 26. Rxd2 Qe7 27. Qd4
Kf8 28. Qd7 Re8 29. Qxe7+ Rxe7 30. Rd8+ Re8 31. Rd7 Re7 1/2-1/2

[Event "Albena BUL, Team Ch 2011 GrA Women"]
[Site "Albena BUL"]
[Date "2011.06.08"]
[Round "7.4"]
[White "Olarasu, Gabriela"]
[Black "Galunova, Tsveta"]
[Result "1/2-1/2"]
[WhiteElo "2266"]
[BlackElo "1943"]
[PlyCount "61"]
[EventDate "2011.06.02"]
[EventType "team"]
[EventRounds "7"]
[EventCountry "BUL"]

1. d4 d5 2. c4 c6 3. cxd5 cxd5 4. Bf4 Nc6 5. Nc3 Nf6 6. e3 Bf5 7. Nf3 e6 8. Bd3
Bxd3 9. Qxd3 Bd6 10. Bxd6 Qxd6 11. O-O O-O 12. Rac1 Rac8 13. h3 h6 14. Rfd1
Rfd8 15. Na4 Ne4 16. a3 Rc7 17. b4 Rdc8 18. Nc5 Nxc5 19. Rxc5 Ne7 20. Rdc1 f6
21. Nd2 b6 22. Rxc7 Rxc7 23. Rc3 Rxc3 24. Qxc3 Qc6 25. Qxc6 Nxc6 26. b5 Na5 27.
Kf1 Kf7 28. Ke2 Ke7 29. Kd3 Kd6 30. f3 e5 31. e4 1/2-1/2

[Event "Albena BUL, Team Ch 2011 GrB Men"]
[Site "Albena BUL"]
[Date "2011.06.02"]
[Round "1.2"]
[White "Galunov, Todor"]
[Black "Kostov, Galin"]
[Result "1/2-1/2"]
[WhiteElo "2330"]
[BlackElo "2190"]
[PlyCount "40"]
[EventDate "2011.06.02"]
[EventType "team"]
[EventRounds "9"]
[EventCountry "BUL"]

1. Nf3 Nf6 2. g3 e6 3. Bg2 d5 4. O-O Be7 5. d4 O-O 6. c4 dxc4 7. Ne5 Nc6 8.
Nxc6 bxc6 9. Bxc6 Rb8 10. Nc3 Nd5 11. Qa4 Rb6 12. Qxc4 Ba6 13. Qa4 Nxc3 14.
bxc3 Bxe2 15. Re1 Ra6 16. Qb3 Rb6 17. Qa4 Ra6 18. Qb3 Rb6 19. Qa4 Ra6 20. Qb3
Rb6 1/2-1/2

[Event "Albena BUL, Team Ch 2011 GrB Men"]
[Site "Albena BUL"]
[Date "2011.06.02"]
[Round "1.2"]
[White "Kirjakov, Toma"]
[Black "Dimitrov, Atanas"]
[Result "1/2-1/2"]
[WhiteElo "2182"]
[BlackElo "2352"]
[PlyCount "66"]
[EventDate "2011.06.02"]
[EventType "team"]
[EventRounds "9"]
[EventCountry "BUL"]

1. e4 d6 2. d4 Nf6 3. Nc3 c6 4. Be3 Ng4 5. Bg5 Qb6 6. b3 h6 7. Bc1 e5 8. Nf3
exd4 9. Qxd4 Be7 10. Qxb6 axb6 11. h3 Nf6 12. Bb2 b5 13. Bd3 O-O 14. O-O Na6
15. a4 b4 16. Na2 d5 17. exd5 Nxd5 18. Rfe1 Nac7 19. Be5 Re8 20. Nd4 Bc5 21.
Nf5 Bxf5 22. Bxf5 g6 23. Bd3 Rxe5 24. Rxe5 Bd4 25. Rxd5 Nxd5 26. Rd1 Bc5 27.
Be4 Nf6 28. Bf3 Re8 29. Nc1 Kg7 30. Nd3 Bf8 31. Kf1 h5 32. Nb2 Bc5 33. Nc4 Re7
1/2-1/2

[Event "Albena BUL, Team Ch 2011 GrB Men"]
[Site "Albena BUL"]
[Date "2011.06.02"]
[Round "1.2"]
[White "Kirchev, Krasimir"]
[Black "Tonchev, Miroslav"]
[Result "1-0"]
[WhiteElo "2037"]
[BlackElo "2274"]
[PlyCount "105"]
[EventDate "2011.06.02"]
[EventType "team"]
[EventRounds "9"]
[EventCountry "BUL"]

1. d4 c5 2. Nf3 cxd4 3. Nxd4 Nf6 4. c4 a6 5. Nc3 e6 6. a3 Qc7 7. e4 d6 8. Be2
Be7 9. O-O O-O 10. Be3 b6 11. Rc1 Bb7 12. f3 Nbd7 13. Qd2 Rac8 14. Rfd1 Qb8 15.
Qe1 Rfe8 16. Qf2 Bd8 17. g4 Ne5 18. b3 Nfd7 19. Na4 Nc6 20. Nc2 Nc5 21. Nxc5
bxc5 22. b4 cxb4 23. axb4 Ne5 24. Nd4 Nc6 25. Nxc6 Bxc6 26. b5 axb5 27. cxb5
Bb7 28. Ba7 Qa8 29. Rxc8 Qxc8 30. Rxd6 Be7 31. Rd1 Rd8 32. Rxd8+ Qxd8 33. Qd4
Qc8 34. Qe5 Kf8 35. Qb8 Qxb8 36. Bxb8 Bc5+ 37. Kg2 Ke7 38. Kg3 g5 39. Be5 f6
40. Bc3 Bd6+ 41. Kg2 Be5 42. Bb4+ Bd6 43. Ba5 Bc5 44. h4 gxh4 45. Be1 Bd4 46.
Bxh4 Kd6 47. Bg3+ Kc5 48. Bf2 Bxf2 49. Kxf2 Kd4 50. Kg3 Bc8 51. Bf1 e5 52. Be2
Kc5 53. Kh4 1-0

[Event "Albena BUL, Team Ch 2011 GrB Men"]
[Site "Albena BUL"]
[Date "2011.06.02"]
[Round "1.2"]
[White "Avramov, Anton"]
[Black "Gochev, Plamen"]
[Result "1-0"]
[WhiteElo "2193"]
[BlackElo "1995"]
[PlyCount "79"]
[EventDate "2011.06.02"]
[EventType "team"]
[EventRounds "9"]
[EventCountry "BUL"]

1. d4 Nf6 2. c4 e6 3. g3 d5 4. Bg2 c6 5. Qc2 Bb4+ 6. Bd2 Qa5 7. a3 Bxd2+ 8.
Nxd2 dxc4 9. Qxc4 O-O 10. Ngf3 Ne4 11. b4 Nxd2 12. Nxd2 Qa4 13. O-O a5 14. Nb3
b6 15. Rfc1 Ba6 16. Qc3 axb4 17. axb4 Qb5 18. e3 Bb7 19. Rxa8 Bxa8 20. Nd2 Qg5
21. Nf3 Qe7 22. Ne5 f6 23. Nxc6 Bxc6 24. Bxc6 Rc8 25. b5 Nxc6 26. bxc6 b5 27.
Qb3 b4 28. Rc5 Kf7 29. e4 Rb8 30. Rc1 Qd6 31. d5 Rc8 32. dxe6+ Qxe6 33. Qxb4
Kg6 34. Qc4 Qe7 35. c7 h6 36. e5 Qxe5 37. Qg4+ Qg5 38. Qxc8 Qxc1+ 39. Kg2 Qc6+
40. Kh3 1-0

[Event "Albena BUL, Team Ch 2011 GrB Men"]
[Site "Albena BUL"]
[Date "2011.06.02"]
[Round "1.3"]
[White "Bochev, Krasimir"]
[Black "Mladenov, Emil"]
[Result "1/2-1/2"]
[WhiteElo "2123"]
[BlackElo "2157"]
[PlyCount "61"]
[EventDate "2011.06.02"]
[EventType "team"]
[EventRounds "9"]
[EventCountry "BUL"]

1. Nf3 g6 2. d4 Bg7 3. c4 d6 4. Nc3 e5 5. g3 Nc6 6. dxe5 Nxe5 7. Nxe5 dxe5 8.
Qxd8+ Kxd8 9. Bg5+ Bf6 10. O-O-O+ Bd7 11. h4 Kc8 12. Bg2 h6 13. Be3 Be6 14. b3
Be7 15. Kb2 Nf6 16. Nd5 Bd8 17. h5 g5 18. Nxf6 Bxf6 19. Bd5 Re8 20. Bxe6+ Rxe6
21. g4 e4+ 22. Bd4 b6 23. Rhf1 Kb7 24. Bxf6 Rxf6 25. f3 Re8 26. fxe4 Rxf1 27.
Rxf1 Rxe4 28. Rxf7 Rxe2+ 29. Kb1 Rg2 30. Rf6 Rxg4 31. Rxh6 1/2-1/2

[Event "Albena BUL, Team Ch 2011 GrB Men"]
[Site "Albena BUL"]
[Date "2011.06.02"]
[Round "1.4"]
[White "Vutov, Mario"]
[Black "Bozov, Ahmet"]
[Result "1-0"]
[WhiteElo "2342"]
[BlackElo "2101"]
[PlyCount "87"]
[EventDate "2011.06.02"]
[EventType "team"]
[EventRounds "9"]
[EventCountry "BUL"]

1. e4 c5 2. Nf3 d6 3. d4 cxd4 4. Nxd4 Nf6 5. Nc3 a6 6. h3 e5 7. Nde2 Be6 8. g4
d5 9. exd5 Nxd5 10. Bg2 Nxc3 11. Qxd8+ Kxd8 12. Nxc3 Nc6 13. Be3 Kc7 14. Nd5+
Bxd5 15. Bxd5 f6 16. c3 Bd6 17. O-O-O Rad8 18. Be4 h6 19. a4 a5 20. Rd5 b6 21.
Rhd1 Be7 22. Kc2 Rxd5 23. Rxd5 Rd8 24. Kd3 Rxd5+ 25. Bxd5 Bf8 26. Kc4 Ne7 27.
Be4 Nc8 28. Kd5 Nd6 29. Bd3 Nf7 30. h4 Nd8 31. g5 hxg5 32. hxg5 Be7 33. g6 Bf8
34. Kc4 Nb7 35. b4 axb4 36. cxb4 b5+ 37. Kxb5 Nd6+ 38. Ka6 e4 39. Bb6+ Kc6 40.
Be2 f5 41. b5+ Kd5 42. Bc7 f4 43. a5 f3 44. Bf1 1-0

[Event "Albena BUL, Team Ch 2011 GrB Men"]
[Site "Albena BUL"]
[Date "2011.06.02"]
[Round "1.4"]
[White "Yotov, Yoto"]
[Black "Bonev, Todor"]
[Result "1/2-1/2"]
[WhiteElo "2026"]
[BlackElo "2317"]
[PlyCount "61"]
[EventDate "2011.06.02"]
[EventType "team"]
[EventRounds "9"]
[EventCountry "BUL"]

1. d4 Nf6 2. Nf3 g6 3. g3 Bg7 4. Bg2 d6 5. O-O O-O 6. b3 Nbd7 7. Bb2 Rb8 8.
Nbd2 b5 9. c4 e5 10. dxe5 Ng4 11. cxb5 Ndxe5 12. Nd4 Bb7 13. h3 Nh6 14. Nc4 Qe7
15. Bxb7 Rxb7 16. Nc6 Qe6 17. N6xe5 dxe5 18. Kh2 Rxb5 19. e4 f5 20. f3 Nf7 21.
exf5 Qxf5 22. f4 Rd8 23. Qe2 Qd3 24. Qxd3 Rxd3 25. fxe5 Nxe5 26. Bxe5 Bxe5 27.
Nxe5 Rxe5 28. Rf2 Red5 29. Raf1 Rd2 30. Kg2 Rxf2+ 31. Rxf2 1/2-1/2

[Event "Albena BUL, Team Ch 2011 GrB Men"]
[Site "Albena BUL"]
[Date "2011.06.02"]
[Round "1.4"]
[White "Vasilev, Vergil"]
[Black "Ivanov, Borislav"]
[Result "1/2-1/2"]
[WhiteElo "2005"]
[BlackElo "2225"]
[PlyCount "75"]
[EventDate "2011.06.02"]
[EventType "team"]
[EventRounds "9"]
[EventCountry "BUL"]

1. d4 d5 2. Nf3 Nf6 3. e3 c6 4. Bd3 e6 5. Nbd2 Nbd7 6. e4 dxe4 7. Nxe4 Nxe4 8.
Bxe4 Nf6 9. Bd3 b6 10. O-O Bb7 11. Bg5 Be7 12. Re1 O-O 13. c3 h6 14. Bh4 c5 15.
dxc5 bxc5 16. Qe2 Qd5 17. Red1 Qh5 18. Bg3 Bxf3 19. gxf3 Rfd8 20. Bc4 Nd5 21.
Qe5 Qxe5 22. Bxe5 Nb6 23. Ba6 Rxd1+ 24. Rxd1 f6 25. Bc7 Re8 26. b3 Nd5 27. Ba5
Kf7 28. a3 Rb8 29. c4 Nb6 30. b4 e5 31. Kf1 Ke6 32. Ke2 g5 33. Bb5 h5 34. Bc6
h4 35. b5 Rd8 36. Rxd8 Bxd8 37. Bxb6 axb6 38. a4 1/2-1/2

[Event "Albena BUL, Team Ch 2011 GrB Men"]
[Site "Albena BUL"]
[Date "2011.06.02"]
[Round "1.5"]
[White "Todorov, Momchil"]
[Black "Nenkov, Ljudmil"]
[Result "1-0"]
[WhiteElo "2212"]
[BlackElo "2294"]
[PlyCount "40"]
[EventDate "2011.06.02"]
[EventType "team"]
[EventRounds "9"]
[EventCountry "BUL"]

1. e4 c6 2. d4 d5 3. Nc3 b5 4. a3 dxe4 5. Nxe4 Nf6 6. Nxf6+ exf6 7. c3 Bd6 8.
Bd3 O-O 9. Qc2 h6 10. Ne2 Qc7 11. h3 Nd7 12. O-O Rb8 13. Ng3 c5 14. Nf5 Bb7 15.
Bxh6 gxh6 16. Qe2 Kh8 17. Qh5 Bh2+ 18. Kh1 Bxg2+ 19. Kxg2 Rg8+ 20. Kh1 Rg6 1-0

[Event "Albena BUL, Team Ch 2011 GrB Men"]
[Site "Albena BUL"]
[Date "2011.06.02"]
[Round "1.5"]
[White "Asparuhov, Parvan"]
[Black "Krastanov, Georgi"]
[Result "1-0"]
[WhiteElo "2077"]
[BlackElo "2131"]
[PlyCount "44"]
[EventDate "2011.06.02"]
[EventType "team"]
[EventRounds "9"]
[EventCountry "BUL"]

1. e4 e5 2. Nf3 Nc6 3. Bc4 Be7 4. d4 d6 5. dxe5 Nxe5 6. Nxe5 dxe5 7. Qh5 g6 8.
Qxe5 f6 9. Qc3 Qd6 10. O-O h5 11. Qb3 Nh6 12. Bxh6 Rxh6 13. Bf7+ Kd8 14. Nc3
Bd7 15. Rad1 Qc6 16. Bd5 Qb6 17. Bxb7 Qxb3 18. axb3 Rb8 19. Bc6 Bd6 20. Bxd7
Kxd7 21. Nd5 Ke6 22. Ra1 Rb7 1-0

[Event "Albena BUL, Team Ch 2011 GrB Men"]
[Site "Albena BUL"]
[Date "2011.06.02"]
[Round "1.5"]
[White "Kamenov, Gerasim"]
[Black "Danov, Radi"]
[Result "1-0"]
[WhiteElo "2124"]
[BlackElo "1812"]
[PlyCount "66"]
[EventDate "2011.06.02"]
[EventType "team"]
[EventRounds "9"]
[EventCountry "BUL"]

1. Nf3 Nf6 2. d4 g6 3. c4 Bg7 4. Nc3 O-O 5. g3 d6 6. Bg2 Nc6 7. O-O a6 8. b3
Bd7 9. Bb2 Rb8 10. d5 Na5 11. Qc2 c5 12. e4 b5 13. cxb5 axb5 14. e5 dxe5 15.
Nxe5 Bf5 16. Qe2 Bd7 17. Rfd1 b4 18. Ne4 Nxe4 19. Qxe4 Nb7 20. Nc6 Bxc6 21.
dxc6 Nd6 22. Qe2 Bxb2 23. Qxb2 Qb6 24. Qe5 Nb5 25. Qxe7 Rfe8 26. Qd7 Red8 27.
Qe7 Re8 28. Qg5 Nd4 29. Kh1 Re6 30. Rac1 Rxc6 31. Rxd4 cxd4 32. Rxc6 Qa7 33.
Qf4 Re8 1-0

[Event "Albena BUL, Team Ch 2011 GrB Men"]
[Site "Albena BUL"]
[Date "2011.06.02"]
[Round "1.4"]
[White "Ninov, Ventsislav"]
[Black "Pantev, Veselin"]
[Result "1/2-1/2"]
[WhiteElo "2289"]
[BlackElo "2381"]
[PlyCount "61"]
[EventDate "2011.06.02"]
[EventType "team"]
[EventRounds "9"]
[EventCountry "BUL"]

1. e4 c6 2. d4 d5 3. e5 Bf5 4. Nf3 e6 5. Be2 Nd7 6. O-O Ne7 7. Nh4 Bg6 8. Nd2
c5 9. c4 cxd4 10. Nxg6 hxg6 11. Nf3 dxc4 12. Qxd4 Nc6 13. Qxc4 Qc7 14. Bf4 Nb6
15. Qe4 Be7 16. Rac1 Nd5 17. Bb5 Qb6 18. Nd4 Rc8 19. Be3 Nxe3 20. Qxe3 O-O 21.
Nxc6 bxc6 22. Qxb6 axb6 23. Bxc6 Bc5 24. Bd7 Ra8 25. a4 Bd4 26. b4 Bxe5 27.
Rfd1 Rfd8 28. g3 Ra7 29. Bc6 Rxd1+ 30. Rxd1 Rc7 31. Rd8+ 1/2-1/2

[Event "Albena BUL, Team Ch 2011 GrB Men"]
[Site "Albena BUL"]
[Date "2011.06.02"]
[Round "1.5"]
[White "Stoynov, Yordan"]
[Black "Danov, Lyubomir"]
[Result "1/2-1/2"]
[WhiteElo "2240"]
[BlackElo "2029"]
[PlyCount "112"]
[EventDate "2011.06.02"]
[EventType "team"]
[EventRounds "9"]
[EventCountry "BUL"]

1. e4 e5 2. Nf3 Nf6 3. Nc3 Bb4 4. Nxe5 O-O 5. Be2 Re8 6. Nf3 Bxc3 7. dxc3 Nxe4
8. O-O d6 9. Be3 Nc6 10. Nd2 Bf5 11. Nxe4 Bxe4 12. Bd3 Qf6 13. Qg4 Qg6 14. Qxg6
Bxg6 15. b3 Ne5 16. Bxg6 hxg6 17. h3 f6 18. Rad1 g5 19. Rfe1 Kf7 20. c4 b6 21.
Kf1 a5 22. f4 gxf4 23. Bxf4 a4 24. Bxe5 Rxe5 25. Rxe5 fxe5 26. Ke2 axb3 27.
axb3 Ke6 28. Rf1 c6 29. Rf3 Ra2 30. Kd2 Ra1 31. Rg3 Kf6 32. h4 Rh1 33. Rg4 g6
34. g3 Kf5 35. Rg5+ Kf6 36. Ke2 d5 37. cxd5 cxd5 38. Rg4 d4 39. c3 dxc3 40. Kd3
Rc1 41. Rb4 Rg1 42. g4 Rg3+ 43. Kc2 Kg7 44. g5 Rh3 45. Rxb6 Rxh4 46. Re6 e4 47.
b4 Rg4 48. Re5 e3 49. b5 e2 50. Re7+ Kf8 51. Rxe2 Rxg5 52. b6 Rb5 53. Re6 Kf7
54. Rc6 Ke7 55. Kxc3 Kd7 56. Rxg6 Kc8 1/2-1/2

[Event "Albena BUL, Team Ch 2011 GrB Men"]
[Site "Albena BUL"]
[Date "2011.06.02"]
[Round "1.5"]
[White "Nikolov, Jordan"]
[Black "Stoynov, Ivan"]
[Result "1/2-1/2"]
[WhiteElo "2094"]
[BlackElo "2304"]
[PlyCount "141"]
[EventDate "2011.06.02"]
[EventType "team"]
[EventRounds "9"]
[EventCountry "BUL"]

1. e4 c5 2. c3 Qa5 3. Na3 Nc6 4. Nf3 d6 5. h3 Nf6 6. Bd3 g6 7. O-O Bg7 8. Re1
O-O 9. Bf1 a6 10. d4 b5 11. e5 dxe5 12. dxe5 Rd8 13. Qe2 Ne8 14. Qe4 Qc7 15.
Bf4 Qb7 16. Qe3 c4 17. Bh6 Bf5 18. g4 Be6 19. Nc2 Bd5 20. Bxg7 Nxg7 21. Bg2 Ne6
22. Rad1 Qc7 23. Ncd4 Ncxd4 24. Nxd4 Nxd4 25. Rxd4 Bxg2 26. Kxg2 Rxd4 27. Qxd4
Rd8 28. Qe4 e6 29. h4 Qe7 30. g5 Rd5 31. Re2 Qd8 32. Qf4 Rd1 33. Qe4 h6 34.
gxh6 Qd5 35. Qxd5 Rxd5 36. Kg3 Kh7 37. Kg4 Kxh6 38. b3 Rd3 39. Rc2 a5 40. bxc4
bxc4 41. f3 a4 42. a3 Rd5 43. Rb2 Rxe5 44. Rb4 f5+ 45. Kg3 Ra5 46. Rxc4 e5 47.
Rc8 Rd5 48. Rc4 Rd3 49. Kf2 Rd2+ 50. Ke3 Ra2 51. Rxa4 Kh5 52. Kd3 f4 53. Ke4
Re2+ 54. Kd5 Kxh4 55. c4 e4 56. c5 exf3 57. Rxf4+ Kg3 58. Rf6 g5 59. c6 Rd2+
60. Kc5 f2 61. a4 Kg2 62. a5 Rc2+ 63. Kb6 Rb2+ 64. Kc5 Rc2+ 65. Kb6 g4 66. a6
Rb2+ 67. Kc5 g3 68. a7 Rc2+ 69. Kb6 Rb2+ 70. Kc5 Rc2+ 71. Kb6 1/2-1/2

[Event "Albena BUL, Team Ch 2011 GrB Men"]
[Site "Albena BUL"]
[Date "2011.06.02"]
[Round "1.4"]
[White "Vlashki, Nino"]
[Black "Yotov, Hristo"]
[Result "1/2-1/2"]
[WhiteElo "2243"]
[BlackElo "1987"]
[PlyCount "117"]
[EventDate "2011.06.02"]
[EventType "team"]
[EventRounds "9"]
[EventCountry "BUL"]

1. Nf3 d5 2. g3 Nf6 3. Bg2 g6 4. O-O Bg7 5. c4 O-O 6. Nc3 c6 7. d4 Ne4 8. Qb3
Nxc3 9. bxc3 dxc4 10. Qxc4 Nd7 11. Rd1 Qa5 12. a4 Nb6 13. Qb4 Qxb4 14. cxb4 a6
15. a5 Nd5 16. Bd2 Bg4 17. e4 Nc7 18. Be3 Rad8 19. Rd2 Bxf3 20. Bxf3 Rd7 21.
Rad1 e6 22. d5 exd5 23. exd5 cxd5 24. Rd3 h5 25. Bxd5 Nxd5 26. Rxd5 Rxd5 27.
Rxd5 f5 28. Bc5 Rf7 29. Rd6 Bf6 30. Re6 Kg7 31. Re8 Bc3 32. Kf1 Rd7 33. Ke2 Kf7
34. Rb8 Be5 35. Rf8+ Kg7 36. Re8 Bf6 37. h4 Kf7 38. Rf8+ Kg7 39. Rc8 Kf7 40.
Be3 Be7 41. Rc4 Bf6 42. Bd2 Be7 43. Kd1 Bf6 44. Kc2 Bd4 45. Be3 Bxe3 46. fxe3
Ke6 47. Rc8 Re7 48. Kd3 Kd5 49. Rg8 Re6 50. Rg7 Kc6 51. Ke2 b6 52. Ra7 Kb5 53.
Rb7 Rc6 54. Kf3 Kxb4 55. Rxb6+ Kc5 56. Rb1 Re6 57. Rb2 Kd5 58. Rb1 Kc5 59. Rb2
1/2-1/2

[Event "Albena BUL, Team Ch 2011 GrB Men"]
[Site "Albena BUL"]
[Date "2011.06.02"]
[Round "1.2"]
[White "Janachkov, Angel"]
[Black "Todorov, Todor Spirov"]
[Result "0-1"]
[WhiteElo "2223"]
[BlackElo "2175"]
[PlyCount "44"]
[EventDate "2011.06.02"]
[EventType "team"]
[EventRounds "9"]
[EventCountry "BUL"]

1. e4 c5 2. Nf3 Nc6 3. c3 Nf6 4. e5 Nd5 5. d4 cxd4 6. cxd4 e6 7. a3 d6 8. Bd3
dxe5 9. dxe5 Be7 10. O-O O-O 11. Qe2 Qb6 12. Qe4 f5 13. exf6 Nxf6 14. Qe2 Bd7
15. Nbd2 Rae8 16. Nc4 Qc7 17. Bg5 Bc5 18. Bxf6 Rxf6 19. Rac1 Qf4 20. Nce5 Bxf2+
21. Kh1 Nxe5 22. Nxe5 Qxh2+ 0-1

[Event "Albena BUL, Team Ch 2011 GrB Men"]
[Site "Albena BUL"]
[Date "2011.06.02"]
[Round "1.2"]
[White "Sedoev, Nikolay"]
[Black "Dimitrov, Dejan"]
[Result "1/2-1/2"]
[WhiteElo "1954"]
[BlackElo "2089"]
[PlyCount "114"]
[EventDate "2011.06.02"]
[EventType "team"]
[EventRounds "9"]
[EventCountry "BUL"]

1. c3 Nf6 2. Nf3 g6 3. d4 Bg7 4. Bg5 b6 5. e3 Bb7 6. Nbd2 O-O 7. Be2 d6 8. Qc2
c5 9. O-O Nbd7 10. a4 a6 11. Rfe1 Rc8 12. h3 Qc7 13. Bd3 Qb8 14. Qd1 e5 15.
dxe5 dxe5 16. e4 Nh5 17. g3 Qd6 18. Nc4 Qe6 19. Ne3 h6 20. g4 Nhf6 21. Bc4 Qe8
22. Bxf6 Nxf6 23. Nd5 Rd8 24. Qb3 Nxd5 25. Bxd5 Bxd5 26. exd5 Rd6 27. Nd2 f5
28. Nc4 Rd8 29. Nxb6 fxg4 30. Re3 Qf7 31. Rf1 gxh3 32. Rxh3 Qf5 33. Rg3 e4 34.
Nc4 Qxd5 35. Nd2 Qxb3 36. Nxb3 Rb8 37. Nxc5 Rxb2 38. Rxg6 Kh7 39. Rg3 Be5 40.
Re3 Rg8+ 41. Kh1 Rc2 42. Nxe4 Ra2 43. Nc5 Bd6 44. Ne4 Be7 45. Rd1 Rxa4 46. Rd7
Rg7 47. Rxe7 Rxe7 48. Ng5+ hxg5 49. Rxe7+ Kg6 50. Kg2 Ra2 51. c4 Kf6 52. Re3
Ra5 53. Kf3 Rc5 54. Ra3 a5 55. Ke3 Rf5 56. f3 Rf4 57. Rxa5 Rxc4 1/2-1/2